Impuestos sobre los ingresos brutos en la Provincia de Buenos Aires. Ventas a "consumidores finales" (Registro nro. 20074)
[ vista simple ]
| 000 -LEADER | |
|---|---|
| fixed length control field | 00381 a2200109 4500 |
| 001 - CONTROL NUMBER | |
| control field | ART_42408 |
| 005 - DATE AND TIME OF LATEST TRANSACTION | |
| control field | 20260410161755.0 |
| 008 - FIXED-LENGTH DATA ELEMENTS--GENERAL INFORMATION | |
| fixed length control field | 260409a |
| 100 1# - MAIN ENTRY--PERSONAL NAME | |
| Personal name | García, Fernando D. |
| 245 10 - TITLE STATEMENT | |
| Title | Impuestos sobre los ingresos brutos en la Provincia de Buenos Aires. Ventas a "consumidores finales" |
| 773 0# - HOST ITEM ENTRY | |
| Title | Doctrina tributaria |
| Related parts | - Nº 362 (may. 2010) |
| Record control number | REV4296 |
No hay ítems disponibles.